Capitales Par Drapeaux - Statistiques

Statistiques générales
  • Ce quiz a été pris 170 fois
  • Le résultat moyen est 16 sur 20
Statistiques - réponses
Par images Réponse % Correct
Lisbonne
95%
Séoul
95%
New Delhi
94%
Le Caire
93%
Oslo
90%
Helsinki
89%
Vienne
89%
Ankara
88%
Bogota
88%
Prague
88%
Montevideo
84%
La Valette
81%
Tirana
80%
Islamabad
74%
Teheran
74%
Bangkok
73%
Hanoï
73%
Taipei
60%
Saint-Domingue
59%
Kigali
46%
Aucun quiz correspondant
Distribution des résultats
% des personnes avec chaque résultat
Percentile par nombre de réponses
Votre historique - résultats
Vous n’avez pas pris ce quiz